[Event "11th dMP Batavia 2019"]
[Site "Amsterdam"]
[Date "2019.03.01"]
[Round "1"]
[White "Arutinian, David"]
[Black "Lahaye, Rick"]
[Result "1-0"]
[WhiteElo "2555"]
[BlackElo "2414"]
[Annotator "TA"]
[PlyCount "103"]
[EventDate "2019.03.01"]
[EventType "tourn"]
[EventCountry "NED"]
[SourceTitle "playchess.com"]
[Source "ChessBase"]
[SourceQuality "1"]

{[%evp 10,103,12,0,22,0,20,21,29,30,25,21,70,70,72,65,81,66,78,60,50,54,62,55,63,42,66,59,71,70,52,49,68,27,21,27,24,32,13,17,21,18,35,16,32,0,3,3,0,-107,-93,-147,-138,-141,-120,-118,-75,-72,-53,-64,0,0,0,0,0,0,0,0,0,0,0,0,0,0,0,0,0,0,1697,0,375,337,1685,1585,29979,29980,29979,29978,29978,29977,29974,29974,29995,29996,29996,29997]} 1. Nf3 d5 2. e3 Nf6 3. c4 e6 4. b3 Be7 5. Bb2 O-O 6. Nc3 Nbd7 {A13: English Opening: 1...e6} (6... dxc4 7. Bxc4 c5 8. h4 a6 9. Qb1 b5 10. Be2 Bb7 11. Ng5 Nbd7 12. Bf3 Bxf3 13. Nxf3 Rc8 14. Ne2 {0-1 (59) Nepomniachtchi,I (2763)-Yu,Y (2764) St Petersburg 2018}) 7. Qc2 c6 8. d4 a6 {The position is equal.} 9. Bd3 h6 10. O-O b5 11. c5 Qc7 12. h3 Re8 $146 ({Predecessor:} 12... Ne8 13. b4 f5 14. a4 {1-0 (28) Sharif,M (2424)-San Juan,D (2101) Sharjah 2014}) 13. a3 Bf8 14. e4 dxe4 15. Nxe4 Nd5 16. Rfe1 Bb7 17. Ng3 f5 18. Nh4 Be7 19. Ng6 Nf8 20. Ne5 Bf6 21. Nh5 Bxe5 22. Rxe5 Qf7 23. Ng3 Ng6 24. Ree1 Nh4 25. Bf1 Rad8 26. Rad1 Bc8 27. Bc1 f4 $36 {[%mdl 2048] Black has the initiative.} 28. Ne4 {Threatens to win with Nd6.} Qg6 {And now ...Nf3+ would win.} 29. Kh2 (29. Kh1 $1 $11) 29... e5 $17 30. f3 (30. dxe5 $142 Bxh3 31. Nf6+ (31. Kxh3 Rxe5 32. Nf6+ {[%mdl 64] Discovered Attack} Qxf6 $17) 31... gxf6 32. Qxg6+ Nxg6 33. Kxh3) 30... exd4 31. Rxd4 Nf5 32. Rd3 Nfe3 (32... Ng3 {with more complications.} 33. Rdd1 Bf5 34. Bd3 a5 35. Qf2 Bxe4 36. Bxe4 Nxe4 37. Rxe4 Rxe4 38. fxe4 Qxe4 39. Re1 Qg6) 33. Bxe3 Nxe3 34. Qf2 Nxf1+ (34... a5 $15) 35. Qxf1 $11 Rxd3 36. Qxd3 Bf5 37. b4 Kh7 38. Kh1 Bxe4 39. Rxe4 {[%mdl 4096] Endgame KQR-KQR} Re5 (39... Rxe4 {is interesting.} 40. fxe4 Qg3 41. Qf3 Kg6 42. Qd1 Kh7) 40. Kg1 Rxe4 41. fxe4 {KQ-KQ} Qe6 42. Kf2 g5 43. Kf3 Kg6 $2 {[%mdl 8192]} (43... h5 $11) 44. e5+ $2 (44. Qd6 $18 Kf6 45. Qxe6+ Kxe6 46. Kg4) 44... Kg7 $2 {[%mdl 8192] [#]} (44... Kh5 $11 {and Black is okay.}) 45. Qd6 $1 $18 {[%cal Rd6e6]} Qb3+ $2 (45... Qf5 46. Qc7+ (46. Qxc6 Qxe5 47. Qb7+ Kf6 $16) 46... Kg8) 46. Kg4 Qc2 47. Qf6+ {White mates.} Kg8 48. Qe6+ Kg7 49. Qe7+ Kg8 50. Kh5 Qxg2 51. Kg6 {[%csl Gg6][%cal Re7g7]} Qe4+ 52. Kf6 {Accuracy: White = 59%, Black = 45%.} 1-0

[Event "11th dMP Batavia 2019"]
[Site "Amsterdam"]
[Date "2019.03.01"]
[Round "1"]
[White "Pijpers, Arthur"]
[Black "Kuipers, Stefan"]
[Result "1/2-1/2"]
[WhiteElo "2482"]
[BlackElo "2455"]
[Annotator "TA"]
[PlyCount "70"]
[EventDate "2019.03.01"]
[EventType "tourn"]
[EventCountry "NED"]
[SourceTitle "playchess.com"]
[Source "ChessBase"]
[SourceQuality "1"]

{[%evp 16,70,20,14,16,0,0,11,20,0,13,10,37,12,10,3,46,33,55,14,47,12,58,0,0,-4,0,0,0,0,0,-10,14,22,23,21,25,20,18,0,0,0,14,0,0,0,0,0,0,0,0,0,0,0,0,0,0]} 1. e4 e6 2. d4 d5 3. Nc3 Nf6 4. e5 Nfd7 5. f4 c5 6. Nf3 Nc6 7. Be3 a6 8. Qd2 b5 9. a3 Qa5 {C11: French: Classical System: 4 e5 and 4 Bg5 dxe4} (9... Rb8 10. dxc5 Bxc5 11. Bxc5 Nxc5 12. b4 Nd7 13. Bd3 Qb6 14. Ne2 f6 15. exf6 Nxf6 16. Ned4 Nxd4 17. Nxd4 {½-½ (31) Grischuk,A (2769)-Short,N (2652) Douglas 2018}) 10. Be2 b4 11. Nd1 Rb8 12. dxc5 Bxc5 13. axb4 Qxb4 $146 ({Predecessor:} 13... Qxa1 14. bxc5 Rxb2 15. O-O Rb7 16. c4 Qa5 17. Qxa5 Nxa5 18. cxd5 exd5 19. Bxa6 {½-½ (38) Matei,C (2483)-Walczak,P (2471) ICCF email 2014}) 14. Qxb4 Nxb4 15. Kd2 f6 16. Bxc5 Nxc5 17. Nd4 Rb6 18. Nc3 Bd7 19. Bh5+ (19. Ra5 $14 Nb7 20. Na4) 19... g6 $11 {[#] White must now prevent ...fxe5.} 20. Bf3 fxe5 21. fxe5 Nc6 22. Nxc6 Bxc6 23. Ne2 Rb4 24. b3 Ke7 25. Kc3 Rb6 26. Nd4 Rc8 {The position is equal.} 27. Kd2 Rb4 28. Kc3 Rb6 29. Kd2 Rb4 30. Ke3 Bb7 31. Rhe1 Nd7 32. Kd3 Nc5+ 33. Ke3 Nd7 34. Kd3 Nc5+ 35. Ke3 Nd7 {Accuracy: White = 48%, Black = 65%.} 1/2-1/2

[Event "11th dMP Batavia 2019"]
[Site "Amsterdam"]
[Date "2019.03.01"]
[Round "1"]
[White "Warmerdam, Max"]
[Black "Meissner, Felix"]
[Result "1-0"]
[WhiteElo "2448"]
[BlackElo "2397"]
[Annotator "TA"]
[PlyCount "69"]
[EventDate "2019.03.01"]
[EventType "tourn"]
[EventCountry "NED"]
[SourceTitle "playchess.com"]
[Source "ChessBase"]
[SourceQuality "1"]

{[%evp 14,69,41,18,48,6,22,15,58,54,68,64,47,43,129,74,129,124,127,134,113,113,154,156,154,161,153,153,157,149,208,212,223,231,224,220,204,182,280,239,404,397,378,369,416,428,537,546,699,666,666,691,863,853,828,777,1055,1125]} 1. e4 e6 2. d4 d5 3. Nc3 Bb4 4. e5 c5 5. a3 cxd4 6. axb4 dxc3 7. bxc3 Qc7 8. Nf3 Nc6 {C18: French: 3 Nc3 Bb4: Main line: 7 h4 and 7 Qg4} (8... Ne7 9. Bd3 Nd7 10. O-O Nxe5 11. Bf4 Nxf3+ 12. Qxf3 e5 13. Bg3 f6 14. Qh5+ g6 15. Qh6 Kf7 16. Ra3 Bf5 {0-1 (47) Cuartas,J (2523)-Alarcon Casellas,R (2417) Montcada 2012}) 9. Bb5 Bd7 10. O-O Nge7 {The position is equal.} 11. Qe2 $1 Ng6 {[%cal Rc6e5]} 12. Re1 $1 O-O 13. Bd3 f5 $146 (13... h6 $14) ({Predecessor:} 13... a6 14. h4 f6 15. Bxg6 hxg6 16. exf6 gxf6 {1-0 (30) O'Brien,G (1316)-Kalinin,V (1189) LSS email 2014}) 14. h4 ({White should try} 14. exf6 {Black must now prevent b5.} gxf6 15. c4) 14... h6 (14... a6 $142) 15. h5 Nh8 16. b5 Na5 17. Ba3 $36 {[%mdl 2048] White is really pushing.} Rfe8 18. Bd6 Qd8 19. Bb4 Nc4 20. Bxc4 dxc4 21. Qxc4 Qc8 (21... a6 $16) 22. Qd3 $18 {[#] Hoping for Red1.} a6 23. c4 {[%cal Bc3c4,Bc4c5][%mdl 32] And now Red1 would win.} Rd8 {With the idea ...Bxb5.} 24. Be7 Re8 25. Bd6 Rd8 (25... Nf7 $142 26. Ra3 axb5) 26. Nd4 Be8 $2 {[#]} (26... axb5 27. Rxa8 (27. Nxb5 Rxa1 28. Rxa1 Bxb5 $16) 27... Qxa8 28. cxb5 Nf7) 27. bxa6 bxa6 28. c5 Nf7 29. Qc4 Nxd6 {White is clearly winning.} 30. exd6 Rxd6 31. Nxf5 $1 Rd7 {Black hopes to continue with ...Bf7.} 32. Qxe6+ Kh8 33. Nd6 Qxc5 34. Nxe8 Rd2 35. Qf7 {Accuracy: White = 87%, Black = 36%.} 1-0

[Event "11th dMP Batavia 2019"]
[Site "Amsterdam"]
[Date "2019.03.01"]
[Round "1"]
[White "Leenhouts, Koen"]
[Black "Williams, Simon K"]
[Result "1/2-1/2"]
[WhiteElo "2447"]
[BlackElo "2471"]
[Annotator "ChessBase"]
[PlyCount "53"]
[EventDate "2019.03.01"]
[EventType "tourn"]
[EventCountry "NED"]
[SourceTitle "playchess.com"]
[Source "ChessBase"]
[SourceQuality "1"]
[TimeControl "40/5400+30:1800+30"]

1. d4 {[%emt 0:00:00]} d5 {[%emt 0:00:00]} 2. c4 {[%emt 0:00:00]} Nc6 {[%emt 0:00:00]} 3. Nc3 {[%emt 0:02:04]} Nf6 {[%emt 0:00:30]} 4. cxd5 {[%emt 0:01:42]} Nxd5 {[%emt 0:00:07]} 5. Nf3 {[%emt 0:00:28]} e5 {[%emt 0:00:23]} 6. dxe5 {[%emt 0:04:17]} Bb4 {[%emt 0:00:15]} 7. Bd2 {[%emt 0:05:34]} Nxc3 {[%emt 0:00:13]} 8. bxc3 {[%emt 0:01:41]} Ba5 {[%emt 0:00:05]} 9. g3 {[%emt 0:03:16]} O-O {[%emt 0:11:49]} 10. Qc2 {[%emt 0:02:48]} Qe7 {[%emt 0:05:23]} 11. Ng5 {[%emt 0:10:00]} g6 {[%emt 0:00:41]} 12. f4 {[%emt 0:07:00]} f6 {[%emt 0:03:30]} 13. exf6 {[%emt 0:01:18]} Rxf6 {[%emt 0:03:49]} 14. Bg2 {[%emt 0:08:27]} Bb6 {[%emt 0:01:03]} 15. Qe4 {[%emt 0:07:37]} Qa3 {[%emt 0:08:51]} 16. Qc4+ {[%emt 0:08:03]} Kg7 {[%emt 0:00:20]} 17. Bxc6 {[%emt 0:00:44]} bxc6 {[%emt 0:00:32]} 18. Qb4 {[%emt 0:00:46]} Qxb4 {[%emt 0:03:23]} 19. cxb4 {[%emt 0:00:29]} Kg8 {[%emt 0:04:38]} 20. Bc3 {[%emt 0:00:33]} Rf8 {[%emt 0:00:25]} 21. h4 {[%emt 0:08:46]} Bg4 {[%emt 0:01:07]} 22. O-O-O {[%emt 0:02:53]} Rfe8 {[%emt 0:03:23]} 23. Be5 {[%emt 0:02:29]} Red8 {[%emt 0:03:10]} 24. Bf6 {[%emt 0:08:01]} Re8 {[%emt 0:07:05]} 25. Be5 {[%emt 0:00:52]} Red8 {[%emt 0:00:43]} 26. Bf6 {[%emt 0:00:06]} Re8 {[%emt 0:00:55]} 27. Be5 {[%emt 0:06:34]} 1/2-1/2

[Event "11th dMP Batavia 2019"]
[Site "Amsterdam"]
[Date "2019.03.01"]
[Round "1"]
[White "Lopez, Jasel"]
[Black "Van der Wiel, John T.H."]
[Result "1/2-1/2"]
[WhiteElo "2390"]
[BlackElo "2391"]
[Annotator "NA"]
[PlyCount "93"]
[EventDate "2019.03.01"]
[EventType "tourn"]
[EventCountry "NED"]
[SourceTitle "playchess.com"]
[Source "ChessBase"]
[SourceQuality "1"]
[TimeControl "40/5400+30:1800+30"]

1. d4 {[%emt 0:00:00]} Nf6 {[%emt 0:00:00]} 2. c4 {[%emt 0:00:00]} e6 {[%emt 0:00:00]} 3. Nf3 {[%emt 0:00:00]} d5 {[%emt 0:00:04]} 4. Nc3 {[%emt 0:00:52]} Be7 {[%emt 0:00:13]} 5. Bg5 {[%emt 0:00:23]} O-O {[%emt 0:00:25]} 6. e3 {[%emt 0:00:15]} h6 {[%emt 0:00:07]} 7. Bh4 {[%emt 0:00:06]} b6 {[%emt 0:00:43]} 8. Be2 {[%emt 0:03:55]} Bb7 {[%emt 0:00:37]} 9. Bxf6 {[%emt 0:00:19]} Bxf6 {[%emt 0:00:31]} 10. cxd5 {[%emt 0:00:11]} exd5 {[%emt 0:00:33]} 11. b4 {[%emt 0:00:11]} c6 {[%emt 0:00:54]} 12. O-O {[%emt 0:01:04]} a5 {[%emt 0:03:45]} 13. b5 {[%emt 0:02:55]} c5 {[%emt 0:00:39]} 14. Ne5 {[%emt 0:01:07]} Bxe5 {[%emt 0:43:17]} 15. dxe5 {[%emt 0:00:13]} d4 {[%emt 0:00:09]} 16. Na4 {[%emt 0:18:10]} Qg5 {[%emt 0:05:10]} 17. Bg4 {[%emt 0:00:17]} Qxe5 {[%emt 0:10:04]} 18. Nxb6 {[%emt 0:14:57]} Ra7 {[%emt 0:00:40]} 19. exd4 {[%emt 0:02:51]} cxd4 {[%emt 0:01:10]} 20. Rc1 {[%emt 0:00:22]} Qxb5 {[%emt 0:12:31]} 21. Qxd4 {[%emt 0:00:24]} Qg5 {[%emt 0:03:42]} 22. Nd7 {[%emt 0:21:39]} Nxd7 {[%emt 0:02:53]} 23. Qxa7 {[%emt 0:04:53]} Bxg2 {[%emt 0:00:39]} 24. Qxd7 {[%emt 0:00:27]} f5 {[%emt 0:04:22]} 25. Rc8 {[%emt 0:08:09]} Qxg4 {[%emt 0:02:02]} 26. Rxf8+ {[%emt 0:00:05]} Kxf8 {[%emt 0:00:10]} 27. Qd6+ {[%emt 0:01:15]} Kf7 {[%emt 0:04:11]} 28. Re1 {[%emt 0:00:04]} Bd5+ {[%emt 0:00:15]} 29. Qg3 {[%emt 0:00:07]} Qxg3+ {[%emt 0:03:49]} 30. fxg3 {[%emt 0:00:09]} Bxa2 {[%emt 0:00:11]} 31. Re5 {[%emt 0:00:41]} Bb1 {[%emt 0:01:02]} 32. Rxa5 {[%emt 0:00:04]} Kf6 {[%emt 0:00:14]} 33. Kf2 {[%emt 0:00:15]} Kg5 {[%emt 0:00:20]} 34. Rb5 {[%emt 0:02:46]} Bc2 {[%emt 0:00:15]} 35. h3 {[%emt 0:02:24]} Kf6 {[%emt 0:00:45]} 36. Ke3 {[%emt 0:00:13]} Ke6 {[%emt 0:01:03]} 37. Rb6+ {[%emt 0:00:25]} Kf7 {[%emt 0:00:15]} 38. Kf4 {[%emt 0:01:04]} Bd3 {[%emt 0:00:35]} 39. h4 {[%emt 0:05:40]} Bc2 {[%emt 0:00:16]} 40. Rb2 {[%emt 0:02:32]} Bd3 {[%emt 0:00:19]} 41. Ke3 {[%emt 0:30:32]} Bf1 {[%emt 0:04:32]} 42. Rb1 {[%emt 0:00:00]} Bh3 {[%emt 0:02:45]} 43. Kf4 {[%emt 0:00:00]} Bg4 {[%emt 0:01:24]} 44. Rb6 {[%emt 0:00:00]} Bh3 {[%emt 0:03:38]} 45. Ke5 {[%emt 0:00:00]} Bg4 {[%emt 0:00:30]} 46. Rb7+ {[%emt 0:00:00]} Kf8 {[%emt 0:04:08]} 47. Rb8+ {[%emt 0:00:00]} 1/2-1/2

[Event "11th dMP Batavia 2019"]
[Site "Amsterdam"]
[Date "2019.03.02"]
[Round "2"]
[White "Arutinian, David"]
[Black "Warmerdam, Max"]
[Result "1/2-1/2"]
[WhiteElo "2555"]
[BlackElo "2448"]
[Annotator "TA"]
[PlyCount "72"]
[EventDate "2019.03.01"]
[EventType "tourn"]
[EventCountry "NED"]
[SourceTitle "playchess.com"]
[Source "ChessBase"]
[SourceQuality "1"]

{[%evp 9,72,8,32,22,10,14,15,15,20,15,0,0,4,0,1,0,10,10,20,0,0,-27,-24,-29,-34,-34,-14,-13,-6,-10,0,0,0,0,0,0,0,0,8,8,7,12,10,16,10,0,0,0,15,16,18,8,20,12,28,8,18,0,0,0,0,0,0,0,0]} 1. Nf3 Nf6 2. c4 c5 3. Nc3 d5 4. cxd5 Nxd5 5. e3 Nxc3 6. dxc3 {A34: Symmetrical English: 2 Nc3, lines with ...d5} Qc7 7. e4 e6 8. Be3 Be7 $146 ({Predecessor:} 8... Nd7 9. Nd2 Be7 10. Qg4 O-O 11. Qg3 Bd6 12. f4 f5 13. e5 {1-0 (40) Matlakov,M (2683)-Lagarde,M (2615) Bastia 2018}) 9. Nd2 O-O 10. Bd3 Rd8 11. Qe2 Nd7 {[%cal Bb8d7,Bd7f6,Bf6g4,Bg4e3][%mdl 32]} 12. O-O b6 13. f4 Nf6 14. Rad1 Ng4 15. Bc2 Nxe3 16. Qxe3 Ba6 17. Rfe1 Rd7 18. Nf3 Rad8 19. Rxd7 Rxd7 20. e5 g6 21. f5 Bb7 22. fxe6 fxe6 23. Be4 Bf8 24. h4 Bd5 25. Bxd5 Rxd5 26. c4 Rd8 27. h5 Qf7 28. Nh4 Rd4 29. hxg6 hxg6 30. Rf1 Qh7 $1 31. Nf3 $36 {[%mdl 2048] White is pushing.} Bh6 32. Qe2 Qd7 {The position is equal.} 33. Nxd4 Qxd4+ 34. Kh1 {[#] Strongly threatening Qf2.} Qh4+ 35. Kg1 {And now Qd3 would win.} Qd4+ $1 36. Kh1 {aiming for Qf2.} Qh4+ {Accuracy: White = 68%, Black = 64%.} 1/2-1/2

[Event "11th dMP Batavia 2019"]
[Site "Amsterdam"]
[Date "2019.03.02"]
[Round "2"]
[White "Williams, Simon K"]
[Black "Lopez, Jasel"]
[Result "0-1"]
[WhiteElo "2471"]
[BlackElo "2390"]
[Annotator "TA"]
[PlyCount "78"]
[EventDate "2019.03.01"]
[EventType "tourn"]
[EventCountry "NED"]
[SourceTitle "playchess.com"]
[Source "ChessBase"]
[SourceQuality "1"]

{[%evp 18,78,-19,-14,-6,-16,-22,-14,-8,-13,-13,-11,-20,-30,-18,-18,0,-12,-2,-11,-24,-19,-20,-8,-14,-117,-58,-67,-66,-61,-64,-91,-89,-88,-61,-101,-74,-142,-109,-112,-83,-97,-90,-181,-177,-171,-125,-125,-104,-104,-104,-104,-75,-75,-79,-75,-75,-747,-744,-774,-733,-29996,-29997]} 1. d4 d5 2. c4 e6 3. Nc3 Bb4 4. Nf3 Nf6 5. e3 O-O 6. Bd2 c5 7. dxc5 Nc6 8. Be2 Bxc5 9. cxd5 exd5 10. O-O {LiveBook: 9 Games. E51: Nimzo-Indian: Rubinstein: 4...0-0 5 Nf3 d5} Re8 (10... a6 11. Rc1 Ba7 12. a3 Re8 13. b4 Bg4 14. b5 Na5 15. bxa6 bxa6 16. Bxa6 Nc4 17. Bxc4 dxc4 18. Nb5 Bb8 19. Bb4 {0-1 (40) Gonzalez Rodriguez,J (2310)-Peralta,F (2588) Sant Boi 2016}) 11. Rc1 a6 12. Nb5 {The position is equal.} Bb6 $146 ({Predecessor:} 12... Ne4 13. Nbd4 Qd6 14. Bc3 Bg4 15. h3 Bd7 16. Qd3 Bb6 17. Rcd1 Rad8 {0-1 (89) Morchiashvili,B (2183)-Kantaria,M (2242) Tbilisi 2002}) 13. Nbd4 Qd6 14. Bd3 Ne4 15. Qc2 {[%cal Rd4c6]} Bd7 16. Bc3 Rac8 17. Nxc6 Bxc6 18. Bxe4 dxe4 19. Nd4 Bc7 $36 {[%csl Gc7][%cal Rd6h2][%mdl 2048] [#] Black is more active.} 20. g3 Bd7 21. f4 (21. Qb3 $11 {keeps the balance.}) 21... Bg4 ({Black should try} 21... exf3 $1 $17 22. Rxf3 Qd5) 22. Qf2 Bb6 23. Nb3 Qd5 24. Bd4 Bxd4 25. Nxd4 Qxa2 (25... Bh3 {with more complications.} 26. Rfd1 Qxa2 27. Qd2 g6 28. Ra1 Qd5) 26. f5 f6 (26... Bh3 {is interesting.} 27. Rfd1 Qd5 28. Ra1 h5 29. Rdc1 Qd6) 27. Ne6 (27. Rxc8 $142 Rxc8 28. Qd2) 27... Qa5 28. Nd4 Qb6 29. Qd2 h5 30. b4 (30. Kg2 $17) 30... Kh7 $19 31. Qb2 Qd6 32. Qb3 Rxc1 33. Rxc1 Qd7 34. Rc5 Re5 35. Rxe5 fxe5 36. Ne6 {[#] Strongly threatening Nf8+.} Kh6 37. Nc5 $2 {[%mdl 8192]} (37. Nf8 $17 Qd1+ 38. Qxd1 Bxd1 39. Nd7) 37... Qxf5 {aiming for ...Qf3.} 38. Qc2 Qf3 {( -> ...Bh3)} 39. Qd2 Bh3 {Precision: White = 30%, Black = 68%.} 0-1

[Event "11th dMP Batavia 2019"]
[Site "Amsterdam"]
[Date "2019.03.02"]
[Round "2"]
[White "Kuipers, Stefan"]
[Black "Leenhouts, Koen"]
[Result "1-0"]
[WhiteElo "2455"]
[BlackElo "2447"]
[Annotator "RC"]
[PlyCount "109"]
[EventDate "2019.03.01"]
[EventType "tourn"]
[EventCountry "NED"]
[SourceTitle "playchess.com"]
[Source "ChessBase"]
[SourceQuality "1"]
[TimeControl "40/5400+30:1800+30"]

1. e4 {[%emt 0:00:00]} e5 {[%emt 0:00:00]} 2. Nf3 {[%emt 0:00:00]} Nc6 {[%emt 0:00:00]} 3. Bc4 {[%emt 0:00:00]} Bc5 {[%emt 0:00:00]} 4. c3 {[%emt 0:00:00]} Nf6 {[%emt 0:00:00]} 5. d3 {[%emt 0:00:00]} O-O {[%emt 0:00:04]} 6. Bg5 {[%emt 0:00:00]} h6 {[%emt 0:00:06]} 7. Bh4 {[%emt 0:00:02]} Be7 {[%emt 0:00:06]} 8. Nbd2 {[%emt 0:00:18]} d6 {[%emt 0:00:25]} 9. Bb3 {[%emt 0:00:06]} Nh5 {[%emt 0:01:12]} 10. g3 {[%emt 0:00:05]} g6 {[%emt 0:00:40]} 11. Qe2 {[%emt 0:07:01]} Kg7 {[%emt 0:05:57]} 12. Bxe7 {[%emt 0:11:19]} Qxe7 {[%emt 0:01:29]} 13. d4 {[%emt 0:11:46]} Bh3 {[%emt 0:14:40]} 14. dxe5 {[%emt 0:06:48]} Nxe5 {[%emt 0:07:41]} 15. O-O-O {[%emt 0:05:12]} a5 {[%emt 0:05:57]} 16. Nxe5 {[%emt 0:23:46]} dxe5 {[%emt 0:00:15]} 17. Qe3 {[%emt 0:14:20]} b5 {[%emt 0:08:19]} 18. f4 {[%emt 0:04:21]} Nf6 {[%emt 0:08:46]} 19. f5 {[%emt 0:05:33]} a4 {[%emt 0:05:37]} 20. Bc2 {[%emt 0:00:06]} Ng4 {[%emt 0:00:20]} 21. Qe2 {[%emt 0:04:17]} b4 {[%emt 0:11:56]} 22. Nc4 {[%emt 0:01:41]} Rfb8 {[%emt 0:03:01]} 23. Rd5 {[%emt 0:00:45]} bxc3 {[%emt 0:08:20]} 24. bxc3 {[%emt 0:00:04]} Ra6 {[%emt 0:01:27]} 25. Rhd1 {[%emt 0:01:30]} Rc6 {[%emt 0:00:20]} 26. Bxa4 {[%emt 0:00:31]} Rxc4 {[%emt 0:02:51]} 27. Qxc4 {[%emt 0:00:02]} Qa3+ {[%emt 0:00:50]} 28. Kd2 {[%emt 0:00:01]} Rb2+ {[%emt 0:00:09]} 29. Kd3 {[%emt 0:02:33]} gxf5 {[%emt 0:06:02]} 30. exf5 {[%emt 0:01:29]} e4+ {[%emt 0:01:08]} 31. Kd4 {[%emt 0:00:40]} Qe7 {[%emt 0:00:34]} 32. Qc6 {[%emt 0:03:11]} Rb6 {[%emt 0:02:31]} 33. Qc5 {[%emt 0:00:00]} Qf6+ {[%emt 0:00:23]} 34. Kc4 {[%emt 0:00:00]} Ra6 {[%emt 0:03:08]} 35. Kb4 {[%emt 0:00:00]} Bg2 {[%emt 0:02:26]} 36. Rd8 {[%emt 0:00:00]} Rb6+ {[%emt 0:00:20]} 37. Ka3 {[%emt 0:00:00]} Kh7 {[%emt 0:00:30]} 38. Bb3 {[%emt 0:00:00]} Ne5 {[%emt 0:00:19]} 39. Qxc7 {[%emt 0:01:00]} Rc6 {[%emt 0:01:36]} 40. R8d6 {[%emt 0:00:53]} Nc4+ {[%emt 0:00:00]} 41. Kb4 {[%emt 0:04:58]} Rxd6 {[%emt 0:01:17]} 42. Qxc4 {[%emt 0:00:48]} e3 {[%emt 0:01:23]} 43. Re1 {[%emt 0:06:18]} Rb6+ {[%emt 0:15:36]} 44. Ka3 {[%emt 0:00:04]} Qd6+ {[%emt 0:00:06]} 45. Kb2 {[%emt 0:00:02]} Qd2+ {[%emt 0:00:06]} 46. Ka3 {[%emt 0:00:02]} Qd6+ {[%emt 0:00:05]} 47. Kb2 {[%emt 0:00:03]} Qd2+ {[%emt 0:00:08]} 48. Ka3 {[%emt 0:00:03]} Rb7 {[%emt 0:05:09]} 49. Re2 {[%emt 0:07:01]} Ra7+ {[%emt 0:01:10]} 50. Ba4 {[%emt 0:00:07]} Qd6+ {[%emt 0:04:25]} 51. Kb2 {[%emt 0:00:16]} Bf1 {[%emt 0:01:56]} 52. f6 {[%emt 0:01:47]} Qb8+ {[%emt 0:03:18]} 53. Bb3 {[%emt 0:01:32]} Bxe2 {[%emt 0:00:12]} 54. Qe4+ {[%emt 0:00:30]} Kh8 {[%emt 0:01:10]} 55. Qxe3 {[%emt 0:00:05]} 1-0

[Event "11th dMP Batavia 2019"]
[Site "Amsterdam"]
[Date "2019.03.02"]
[Round "2"]
[White "Lahaye, Rick"]
[Black "Van der Wiel, John T.H."]
[Result "1-0"]
[WhiteElo "2414"]
[BlackElo "2391"]
[Annotator "NA"]
[PlyCount "61"]
[EventDate "2019.03.01"]
[EventType "tourn"]
[EventCountry "NED"]
[SourceTitle "playchess.com"]
[Source "ChessBase"]
[SourceQuality "1"]
[TimeControl "40/5400+30:1800+30"]

1. d4 {[%emt 0:00:00]} Nf6 {[%emt 0:00:00]} 2. Nf3 {[%emt 0:00:00]} e6 {[%emt 0:00:35]} 3. g3 {[%emt 0:00:30]} d5 {[%emt 0:00:43]} 4. Bg2 {[%emt 0:00:23]} c5 {[%emt 0:00:24]} 5. O-O {[%emt 0:00:46]} Nc6 {[%emt 0:00:54]} 6. a3 {[%emt 0:03:55]} cxd4 {[%emt 0:22:38]} 7. Nxd4 {[%emt 0:00:09]} Nxd4 {[%emt 0:00:19]} 8. Qxd4 {[%emt 0:00:16]} Qc7 {[%emt 0:00:08]} 9. Nc3 {[%emt 0:10:17]} Bc5 {[%emt 0:07:58]} 10. Qd3 {[%emt 0:00:11]} O-O {[%emt 0:00:27]} 11. Bf4 {[%emt 0:19:44]} Qe7 {[%emt 0:06:58]} 12. Rad1 {[%emt 0:11:52]} h6 {[%emt 0:24:15]} 13. Be5 {[%emt 0:07:48]} Nd7 {[%emt 0:17:44]} 14. Bd4 {[%emt 0:02:01]} Bxd4 {[%emt 0:03:07]} 15. Qxd4 {[%emt 0:00:08]} Nb6 {[%emt 0:00:20]} 16. e4 {[%emt 0:06:03]} dxe4 {[%emt 0:02:54]} 17. Qxe4 {[%emt 0:03:23]} Rb8 {[%emt 0:02:26]} 18. Nb5 {[%emt 0:03:55]} Bd7 {[%emt 0:03:42]} 19. Nxa7 {[%emt 0:04:23]} Qc5 {[%emt 0:01:05]} 20. Qb4 {[%emt 0:02:39]} Qxb4 {[%emt 0:01:19]} 21. axb4 {[%emt 0:00:01]} Rfd8 {[%emt 0:01:49]} 22. Rd6 {[%emt 0:11:54]} Nc4 {[%emt 0:00:12]} 23. Rd4 {[%emt 0:00:04]} Nxb2 {[%emt 0:00:27]} 24. b5 {[%emt 0:00:04]} Ra8 {[%emt 0:00:56]} 25. Ra1 {[%emt 0:03:03]} e5 {[%emt 0:00:31]} 26. Rb4 {[%emt 0:00:35]} Be6 {[%emt 0:00:21]} 27. b6 {[%emt 0:01:32]} Nc4 {[%emt 0:00:43]} 28. Bxb7 {[%emt 0:00:10]} Rab8 {[%emt 0:00:33]} 29. Nc6 {[%emt 0:00:14]} Rxb7 {[%emt 0:00:21]} 30. Nxd8 {[%emt 0:00:20]} Rxb6 {[%emt 0:00:08]} 31. Rxb6 {[%emt 0:00:25]} 1-0

[Event "11th dMP Batavia 2019"]
[Site "Amsterdam"]
[Date "2019.03.02"]
[Round "2"]
[White "Meissner, Felix"]
[Black "Pijpers, Arthur"]
[Result "1/2-1/2"]
[WhiteElo "2397"]
[BlackElo "2482"]
[Annotator "TA"]
[PlyCount "53"]
[EventDate "2019.03.01"]
[EventType "tourn"]
[EventCountry "NED"]
[SourceTitle "playchess.com"]
[Source "ChessBase"]
[SourceQuality "1"]

{[%evp 14,53,0,-7,-6,0,0,-20,-22,-28,0,0,0,0,0,0,0,0,0,0,2,0,0,0,0,0,0,0,0,0,0,0,0,0,0,0,0,0,0,0,0,0]} 1. d4 d5 2. Nf3 Nf6 3. g3 c5 4. Bg2 cxd4 5. O-O h6 6. Nxd4 e5 7. Nb3 Nc6 8. c4 {[%cal Rc4d5]} Be6 {D02: 1 d4 d5 2 Nf3 sidelines, including 2...Nf6 3 g3 and 2...Nf6 3 Bf4} 9. cxd5 Nxd5 10. Nc3 Nxc3 11. bxc3 Be7 $146 ({Predecessor:} 11... Qc7 12. Be3 Rd8 13. Qc2 Be7 14. Nc5 {½-½ (28) Toufighi,H (2449)-Asgarizadeh,A (2416) Hamedan 2018}) 12. Be3 {The position is equal.} O-O 13. Nc5 Bxc5 14. Bxc5 Re8 15. Qa4 Qd2 16. Qb5 Qxc3 17. Rac1 Nd4 18. Bxd4 Qxd4 19. Bxb7 Rab8 {[#] Threatens to win with ...Re7.} 20. Rfd1 Qb6 21. Qxb6 axb6 22. Bd5 Bxd5 23. Rxd5 Rbd8 24. Rxd8 Rxd8 25. Rc6 Rd2 26. e3 Rxa2 27. Rxb6 {Accuracy: White = 79%, Black = 93%.} 1/2-1/2